000 00770nam a2200229Ii 4500
003 JO-AjNU
008 230605s9999||||xx |||||||||||||| ||und||
017 _a2018/4/2021
020 _a978-9957-686-34-5
040 _aJO-AjNU
_bara
_erda
_cJO-AjNU
041 _aara
050 1 4 _aPJ6148 2019
100 3 _aزكريا، سلمان,
_eauthor
_958601
245 0 0 _aمعاني حروف الجر وأثرها في التفسير: دراسة نحوية دلالية
250 _aط1
264 3 1 _aإربد: عالم الكتب الحديث للنشر والتوزيع، 2019
300 _a212ص
336 _atext
_btxt
_2rdacontent
337 _aunmediated
_bn
_2rdamedia
338 _avolume
_bnc
_2rdacarrier
650 4 _aاللغة العربية - نحو
_958602
999 _aA26324
_c29892
_d29892